LEADER 05040oam 22014294 450 001 9910155013203321 005 20250426110503.0 010 $a9781475553758 010 $a1475553757 010 $a9781475553895 010 $a1475553897 035 $a(CKB)3710000000973033 035 $a(MiAaPQ)EBC4867574 035 $a(Au-PeEL)EBL4867574 035 $a(CaPaEBR)ebr11391098 035 $a(CaONFJC)MIL974474 035 $a(OCoLC)965708504 035 $a(IMF)WPIEA2016218 035 $aWPIEA2016218 035 $a(EXLCZ)993710000000973033 100 $a20020129d2016 uf 0 101 0 $aeng 135 $aurcnu|||||||| 181 $2rdacontent 182 $2rdamedia 183 $2rdacarrier 200 10$aTo Bet or Not to Bet : $eCopper Price Uncertainty and Investment in Chile /$fFabio Comelli, Esther Perez Ruiz 210 1$aWashington, D.C. :$cInternational Monetary Fund,$d2016. 215 $a1 online resource (23 pages) $cillustrations (some color), tables 225 1 $aIMF Working Papers 311 08$a9781475553598 311 08$a1475553595 320 $aIncludes bibliographical references. 330 3 $aA strand of research documents Chile?s copper dependence hence significant exposure to terms of trade shocks. Copper prices? sharp decline and forecast uncertainty since the end of the commodity super-cycle has rekindled the debate on Chile?s adjustment capacity to external shocks. Following Malz (2014), this paper builds a time-varying measure of copper price uncertainty using options contracts. VAR analysis shows that the investment response to an uncertainty shock of average magnitude in the sample is strong and persistent: the cumulative fall in investment from trend at a one-year horizon ranges 2?5.8 percentage points; and it takes between 1½ and 2 years for investment to return to its trend level. Empirical ranges depend on alternative definitions for investment, uncertainty, and options? maturing time. 410 0$aIMF Working Papers; Working Paper ;$vNo. 2016/218 606 $aCopper$xPrices$zChile 606 $aInvestments: Metals$2imf 606 $aForeign Exchange$2imf 606 $aInvestments: Options$2imf 606 $aMacroeconomics$2imf 606 $aIntertemporal Firm Choice and Growth, Investment, or Financing$2imf 606 $aInvestment$2imf 606 $aCapital$2imf 606 $aIntangible Capital$2imf 606 $aCapacity$2imf 606 $a'Panel Data Models$2imf 606 $aSpatio-temporal Models'$2imf 606 $aMetals and Metal Products$2imf 606 $aCement$2imf 606 $aGlass$2imf 606 $aCeramics$2imf 606 $aPrice Level$2imf 606 $aInflation$2imf 606 $aDeflation$2imf 606 $aPension Funds$2imf 606 $aNon-bank Financial Institutions$2imf 606 $aFinancial Instruments$2imf 606 $aInstitutional Investors$2imf 606 $aCurrency$2imf 606 $aForeign exchange$2imf 606 $aFinance$2imf 606 $aInvestment & securities$2imf 606 $aMetal prices$2imf 606 $aAsset prices$2imf 606 $aExchange rates$2imf 606 $aOptions$2imf 606 $aCopper$2imf 606 $aPrices$2imf 606 $aFinancial institutions$2imf 606 $aCommodities$2imf 606 $aMetals$2imf 606 $aDerivative securities$2imf 606 $aPanel Data Models$2imf 606 $aSpatio-temporal Models$2imf 607 $aChile$2imf 615 0$aCopper$xPrices 615 7$aInvestments: Metals 615 7$aForeign Exchange 615 7$aInvestments: Options 615 7$aMacroeconomics 615 7$aIntertemporal Firm Choice and Growth, Investment, or Financing 615 7$aInvestment 615 7$aCapital 615 7$aIntangible Capital 615 7$aCapacity 615 7$a'Panel Data Models 615 7$aSpatio-temporal Models' 615 7$aMetals and Metal Products 615 7$aCement 615 7$aGlass 615 7$aCeramics 615 7$aPrice Level 615 7$aInflation 615 7$aDeflation 615 7$aPension Funds 615 7$aNon-bank Financial Institutions 615 7$aFinancial Instruments 615 7$aInstitutional Investors 615 7$aCurrency 615 7$aForeign exchange 615 7$aFinance 615 7$aInvestment & securities 615 7$aMetal prices 615 7$aAsset prices 615 7$aExchange rates 615 7$aOptions 615 7$aCopper 615 7$aPrices 615 7$aFinancial institutions 615 7$aCommodities 615 7$aMetals 615 7$aDerivative securities 615 7$aPanel Data Models 615 7$aSpatio-temporal Models 676 $a338.23 700 $aComelli$b Fabio$01082917 701 $aPerez Ruiz$b Esther$01449460 801 0$bDcWaIMF 906 $aBOOK 912 $a9910155013203321 996 $aTo Bet or Not to Bet$93647759 997 $aUNINA LEADER 02164nam 2200505z 450 001 9910367619203321 005 20250905110043.0 010 $a9780824883928$b(PDF) 010 $a9780824883935$b(EPUB) 024 7 $a10.2307/j.ctvp2n4t4 035 $a(CKB)4100000010105196 035 $a(MiAaPQ)EBC32223091 035 $a(Au-PeEL)EBL32223091 035 $a(ODN)ODN0011420296 035 $a(OCoLC)1326203447 035 $a(EXLCZ)994100000010105196 100 $a20200127d1974uuuu my- 0 101 0 $aeng 135 $aurcnu|||||||| 181 $ctxt$2rdacontent 182 $cc$2rdamedia 183 $acr$2rdacarrier 200 10$aVoyages to Hawaii before 1860 $ea record based on historical narratives in the libraries of the Hawaiian Mission Children's Society and the Hawaiian Historical Society, extended to March 1860 /$fBernice Judd ; enl. and edited by Helen Yonge Lind 205 $a1st ed. 210 0$aHonolulu :$cUniversity Press of Hawaii for Hawaiian Mission Children's Society,$d[1974] 210 30$aHonolulu :$cUniversity of Hawai'i Press,$d2019 210 4$d©1974, ©2019 215 $a1 online resource (xviii, 129 pages) $cillustrations ;$ddigital file (PDF) 300 $aThis edition is a revision of that originally published in 1929 by the Hawaiian Mission Children?s Society. 311 08$a0-8248-0329-9 330 $aNo list of voyages to Hawaii has appeared in book form since the interesting group of Hawaiian bibliography was published in the 1860s.It has been worthwhile to reexamine this subject of voyages to Hawaii, although a complete enumeration of the vessels has not been attempted in the present publication. 607 $aHawaii$xHistory$yTo 1893$xSources 607 $aHawaii$xBibliography 676 $a996.9/02 700 $aJudd$b Bernice$01230627 702 $aLind$b Helen Yonge 712 02$aHawaiian Mission Children's Society, Honolulu.$bLibrary. 712 02$aHawaiian Historical Society, 801 0$bMiAaPQ 801 1$bMiAaPQ 801 2$bMiAaPQ 906 $aBOOK 912 $a9910367619203321 996 $aVoyages to Hawaii before 1860$92857171 997 $aUNINA